000 00802nam a2200253Ia 4500
003 OSt
005 20220926004625.0
006 a|||||r|||| 00| 0
007 ta
008 220923b |||||||| |||| 00| 0 eng d
020 _a9781138653467
_c298.00
037 _b231, 09/03/2017, CLASSIC BOOKS SERVICES
_cGeneral Book
040 _aRTL
_cRTL
_beng
041 _2eng
_aeng
082 _aY5927:3(W:5).2, Q6
100 _aGUNDIMEDA Sambaiah
_933851
245 0 _aDalits politics in contemporary India
260 _a New Delhi
_bRoutledge
_c2016
300 _axxvi,298p.
_ccm.
500 _aBibliography: 171-173
650 _aSociology
942 _hY5927:3(W:5).2, Q6
_cGB
_2CC
999 _c611815
_d611815